000 00621nam a2200241Ia 4500
003 OSt
005 20221005121647.0
006 a|||||r|||| 00| 0
007 ta
008 221004b |||||||| |||| 00| 0 mal d
024 _a58789
037 _cTextual
040 _aCRL
_cCRL
_bmal
041 _2mal
_amal
082 _aQ7:21:g, 32J4.1-.2
100 _aEdassery P. Muhammed Tr.
_9630930
245 0 _aHoly quran
260 _c1954
650 _a RELIGION
650 _aQURAN
_933479
942 _hQ7:21:g, 32J4.1-.2
_cTEXL
_2cc
999 _c1041858
_d1041858